书目信息 |
| 题名: |
周作人丰子恺儿童杂事诗图笺释
|
|
| 作者: | 钟叔河 笺释 | |
| 分册: | ||
| 出版信息: | 北京 中华书局 1999.01 |
|
| 页数: | 314页 | |
| 开本: | 21cm | |
| 丛书名: | ||
| 单 册: | ||
| 中图分类: | I286.2 | |
| 科图分类: | ||
| 主题词: | 儿童文学--中国 , 儿童文学--中国--丛书 | |
| 电子资源: | ||
| ISBN: | 7-101-02103-4 | |
| 000 | 00626nam0 2200205 45 | |
| 001 | 0203251508 | |
| 005 | 20031219104053.9 | |
| 010 | @a7-101-02103-4@dCNY22.00 | |
| 100 | @a20020325d1999 km y0chiy0120 ea | |
| 101 | 0 | @achi |
| 105 | @a z 000yy | |
| 200 | 1 | @a周作人丰子恺儿童杂事诗图笺释@AZhou Zuo Ren Feng Zi Kai Er Tong Za Shi Shi Tu Jian Shi@f钟叔河笺释@FZhong Shu He Jian Shi |
| 210 | @a北京@c中华书局@d1999.01 | |
| 215 | @a314页@d21cm | |
| 606 | 0 | @a儿童文学@x中国 |
| 606 | 0 | @a儿童文学@x中国@x丛书 |
| 690 | @aI286.2@v4 | |
| 701 | 0 | @a钟叔河@4笺释 |
| 801 | @aCN@bTSTC@c20020325 | |
| 905 | @b307178-182@dI286.2@e51@f5 | |
| 周作人丰子恺儿童杂事诗图笺释/钟叔河笺释.-北京:中华书局,1999.01 |
| 314页;21cm |
| ISBN 7-101-02103-4:CNY22.00 |
| ● |
| 相关链接 |
|
|
|
|
正题名:周作人丰子恺儿童杂事诗图笺释
索取号:I286.2/51
 
预约/预借
| 序号 | 登录号 | 条形码 | 馆藏地/架位号 | 状态 | 备注 |
| 1 | 0307178 | 203071781 | 第二借阅区/ [索取号:I286.2/51] | 在馆 | |
| 2 | 0307179 | 203071790 | 第二借阅区/ [索取号:I286.2/51] | 在馆 | |
| 3 | 0307180 | 203071807 | 第二借阅区/ [索取号:I286.2/51] | 在馆 | |
| 4 | 0307181 | 203071816 | 第二借阅区/ [索取号:I286.2/51] | 在馆 | |
| 5 | 0307182 | 203071825 | 第一样本阅览室/ [索取号:I286.2/51] | 在馆 |